Pět malých příběhů z historie první republiky.

Uložené v:
Podrobná bibliografia
Hlavný autor: Sládek, Z. (Author)
Médium: Kniha
Jazyk:Czech
Vydané: 1992
ISBN: 8085467593
Tagy: Pridať tag
Žiadne tagy, Buďte prvý kto otaguje tento záznam!

MARC

LEADER 00000nam a2200000 a 4500
001 000249607
005 00000000000000.0
008 040101s1992 e czeo
020 |a 8085467593 
041 0 |a cze 
100 1 |a Sládek, Z.  |4 aut 
245 1 0 |a Pět malých příběhů z historie první republiky. 
260 |c 1992 
500 |a Záznam neprešiel kontrolou 
910 |a svkkk 
919 |a 80-85467-59-3 
998 |a BK 
090 |g SCKHL  |k Sklad Pribinova 2. posch.  |a II.351481  |j 854245  |i 2721182111  |s Povinný výt.